000
00264 a2200109 4500
000
nam a22 7a 4500
005
20260312143357.0
100
_a
Yates, Roy D
_9
1131866
245
_a
Probability and stochastic processes
260
_b
Wiley
_c
2025
942
_c
AUD
999
_c
1715249
_d
1715249